000 00487 a2200157 4500
005 20250604074137.0
020 _a0-07-248676-7
082 _aTEA. LECT 332.1 ROS
100 _aROSE, P. S.
245 _aMoney and Capital Markets : Financial Institutions and Instruments in a Global Marketplace.
250 _a8th Ed
260 _aNew York,
_bMcGraw-Hill,
_c2003.
300 _axxvi, 789p.: ill.;
_bIndex
_c26cm.
856 _yAccess Online Book
_fMarkets
_dwww.mhhe.com
942 _2ddc
_cBKS
999 _c3127
_d3127